| 000 | 00740nam a2200193 a 4500 | ||
|---|---|---|---|
| 008 | 150618s1974 ||||||||||||||||| || u | ||
| 020 | _a0721629180 | ||
| 050 | _aRK 301 Sha | ||
| 100 | _aHine, Maynard K | ||
| 245 | 1 | 2 |
_aA textbook of oral pathology. (3rd ed.) _cby William G. Shafer; Maynard K. Hine; Barnet M. Levy |
| 250 | _a3rd ed. | ||
| 260 |
_aPhiladelphia: _bW. B. Saunders Company _c1974 |
||
| 300 | _axiv, 853p.: ill. | ||
| 650 | _aTEETH DISEASES | ||
| 650 | 3 | _aMOUTH DISEASES--TREATMENT | |
| 700 | _aLevy, Barnet M | ||
| 700 | _aShafer, William G | ||
| 995 |
_aMEDICAL LIBRARY OPEN ACCESS _e903021 _FCBU-SCHOOL OF MEDICINE LIBRARY (Ndola) _jRK 301 Sha _M1 _UAVAILABLE _WJun 23, 2015 _y903021 _ZMedical Library Open Access Collection |
||
| 999 |
_c32896 _d32896 |
||